Elenca la formazione - Quiz n°168 - Statistics

Statistiche generali
  • Questo quiz è stato fatto 44 volte
  • Il punteggio medio è 10 su 11
Statistiche sulle risposte
Ruolo Nazione Calciatore % Corretto
Attaccante Egitto Mohamed Salah
100%
Attaccante Brasile Roberto Firmino
100%
Difensore Paesi Bassi Virgil van Dijk
100%
Difensore Scozia Andrew Robertson
98%
Centrocampista Inghilterra Jordan Henderson
98%
Difensore Inghilterra Trent Alexander-Arnold
95%
Attaccante Colombia Luis Díaz
93%
Centrocampista Spagna Thiago
90%
Difensore Camerun Joël Matip
88%
Centrocampista Brasile Fabinho
83%
Portiere Spagna Adrián
56%
Nessun quiz corrispondente trovato
Distribuzione punteggi
Percentuale di utenti per punteggio
Percentile per numero di risposta
I tuoi punteggi nel tempo
Non hai fatto questo quiz